| 000 | 01102nam2a2200265 4500 | ||
|---|---|---|---|
| 001 | RU\NLR\bibl\1806018 | ||
| 005 | 20250616152001.0 | ||
| 021 |
_aRU _b2011-59431 _94194 |
||
| 035 | _a(NLR Aleph) 001796661 | ||
| 090 |
_a1784164 _c1784164 |
||
| 100 | _a20110906d2011 |||y0rusy50 ca | ||
| 101 | 0 | _arus | |
| 102 | _aRU | ||
| 105 | _aa ||||||||| | ||
| 200 | 1 |
_a2011 год _fгл. ред.: В.А. Панков] |
|
| 210 |
_aМосква _cФС _cЦентр стратегического партнерства _d2011 |
||
| 215 |
_a630, [1] с. _cцв. ил., портр. |
||
| 300 | _aНа обороте тит. л. в макете: Т. 25 | ||
| 320 | _aПредм.-темат. указ.: с. 623-630 | ||
| 461 | 0 |
_1001RU\NLR\bibl\479630 _12001#$aФедеральный справочник$v[Вып. 25 _91003040 _cМ. _d1999 _f[Редкол. А.В. Авдевич гл. ред.] _lFederal Reference Book _nРодина-ПРО _tФедеральный справочник _v[Вып. 25 |
|
| 801 | 0 |
_aRU _bNLR _c20110906 _gRCR |
|
| 801 | 1 |
_aRU _bNLR _c20110906 |
|
| 942 | _cBOOK | ||
| 980 | _aNB | ||